Valtioiden muotoja lipuilla #3 - Statistics

Yleistilastot
  • Tätä visaa on pelattu 782 kertaa
  • Keskiarvotulos 12 / 16
Vastaustilastot
Kuvavisa Vastaus % Oikein
Kiina
99%
Espanja
98%
Israel
98%
Kanada
98%
Yhdistynyt kuningaskunta
97%
Valko-Venäjä
89%
Sri Lanka
83%
Moldova
82%
Peru
77%
Papua-Uusi-Guinea
72%
Niger
66%
Trinidad ja Tobago
65%
Bahama
56%
Burkina Faso
54%
Guyana
53%
Fidži
44%
Ehtoja vastaavia visoja ei löytynyt
Tulosjakauma
Jokaisen tuloksen saaneiden osuus
Persentiili vastausten määrän mukaan
Tuloshistoriasi
Et ole pelannut tätä visaa